| Tag |
First Indicator |
Second Indicator |
Subfields |
| LEADER |
00000cam a2200000 a 4500 |
| 001 |
in00000632607 |
| 005 |
20151015053746.0 |
| 008 |
791015s1979 stk b 00110 engm |
| 010 |
|
|
|a 79317174
|
| 015 |
|
|
|a GB***
|
| 020 |
|
|
|a 0859760405 :
|c 12.50
|
| 035 |
|
|
|a (OCoLC)05665284
|
| 035 |
|
|
|9 ACU6309AM
|
| 040 |
|
|
|a DLC
|c DLC
|d m.c.
|d TXA
|d UtOrBLW
|
| 043 |
|
|
|a e-uk-st
|
| 049 |
|
|
|a TXAM
|c [1195228]
|
| 050 |
0 |
0 |
|a DA804
|b .R54
|
| 082 |
0 |
|
|a 320.9/411/068
|
| 100 |
1 |
|
|a Riley, P. W. J.
|q (Patrick William Joseph)
|
| 245 |
1 |
0 |
|a King William and the Scottish politicians /
|c P.W.J. Riley.
|
| 264 |
|
1 |
|a Edinburgh :
|b J. Donald,
|c [1979]
|
| 264 |
|
4 |
|c ©1979
|
| 300 |
|
|
|a xi, 194 pages ;
|c 24 cm.
|
| 336 |
|
|
|a text
|b txt
|2 rdacontent
|
| 337 |
|
|
|a unmediated
|b n
|2 rdamedia
|
| 338 |
|
|
|a volume
|b nc
|2 rdacarrier
|
| 504 |
|
|
|a Includes bibliographical references and index.
|
| 600 |
0 |
0 |
|a William
|b III,
|c King of England,
|d 1650-1702.
|
| 651 |
|
0 |
|a Scotland
|x Politics and government
|y 1689-1745.
|
| 999 |
|
|
|a MARS
|
| 999 |
f |
f |
|s 3b473cff-9608-3f34-8ce0-432c4c5e8c5a
|i 6cd6abb7-6536-34df-8e0c-20f9436097c2
|t 0
|
| 952 |
f |
f |
|p ric
|a Texas A&M University
|b Rellis Campus
|c Joint Library Facility
|d Remote Storage
|t 0
|e DA804 .R54
|h Library of Congress classification
|i unmediated -- volume
|m A14801944343
|
| 998 |
f |
f |
|a DA804 .R54
|t 0
|l Remote Storage
|